000 00682nam a2200289Ia 4500
005 20260324120317.0
008 008 260324s9999 xx 000 0 eng d
020 _a9781315695518
037 _aEBOOK
040 _aCRL
040 _beng
040 _cCRL
041 _2eng
041 _aeng
084 _qCRL
100 _aGlenn Fulcher
_91146032
245 0 _aRe-examining Language Testing
245 2 _bA Philosophical and Social Inquiry
260 _bTaylor and Francis
260 _c2015
365 _a
365 _b280
856 _uhttp://www.taylorfrancis.com/books/9781315695518
942 _cEBOOK
999 _c1749521
_d1749521